Elementos de fisiología aplicada al ejercicio físico / Joan Barbany Cairó
Publicado:
Esplugues de Llobregat :
Generalitat de Catalunya, Institut Nacional d'Educació Física, DL 1983
Descripción Física:
173 p. : il. ; 21 cm
MARC
| LEADER | 00000nam a2200000Ia 4500 | ||
|---|---|---|---|
| 001 | 1435 | ||
| 003 | BGR | ||
| 005 | 20260324175410.0 | ||
| 008 | 160829s9999 xx 000 0 cat d | ||
| 080 | |a P-1-16 | ||
| 100 | |a Barbany i Cairó, Joan Ramon |9 31619 | ||
| 245 | |a Elementos de fisiología aplicada al ejercicio físico / Joan Barbany Cairó | ||
| 260 | |a Esplugues de Llobregat : |b Generalitat de Catalunya, Institut Nacional d'Educació Física, DL 1983 | ||
| 300 | |a 173 p. : |b il. ; |c 21 cm | ||
| 590 | |a A la part superior de la portada : Generalitat de Catalunya. Departament de la Presidència. | ||
| 650 | |a Exercici |x Aspectes fisiològics |9 31620 | ||
| 650 | |a Fisiologia |9 31621 | ||
| 710 | 1 | |a Catalunya. |b Generalitat |9 12125 | |
| 710 | |a Institut Nacional d'Educació Física de Catalunya |9 62801 | ||
| 901 | |a Arxiu | ||
| 942 | |n 1 |2 udc |c MON | ||
| 952 | |0 0 |1 0 |4 0 |6 P116 |7 1 |9 45696 |a Arxiu |b Arxiu |d 2016-12-01 |l 0 |o P-1-16 |p 1435 |r 2016-12-01 00:00:00 |w 2016-12-01 |y ARXIU | ||
| 999 | |c 49196 |d 49196 | ||